000 00657nam a2200205 a 4500
001 000006877
003 DO-SdBNP
005 20250618140127.0
008 090903s2006 dr ac 000 0 spa d
020 _a9993467278
040 _aDO-SdBNP
_bspa
_cBNPHU
082 4 _a910.04
_bC117 e
_222
100 1 _aCabral Achécar, Quilvio,
_b1982-
_919082
245 1 0 _aEnfoques de un viajero /
_cQuilvio Cabral Achécar.
260 _aSanto Domingo :
_bAmigo del Hogar,
_c2006.
300 _a193 p. :
_bil., retrs.
500 _aIncluye datos biográficos del autor en la solapa de la contracubierta
910 _aValidado. Control de calidad MFF
942 _2ddc
_cLBS1
999 _c6665
_d6665